Villes d'Italie par image - Statistiques

Statistiques générales
  • Ce quiz a été pris 788 fois
  • Le résultat moyen est 9 sur 15
Statistiques - réponses
Par images Réponse % Correct
Rome
100%
Venise
100%
Pise
98%
Florence
90%
Milan
85%
Naples
84%
Vérone
56%
Gênes
54%
Palerme
44%
Turin
42%
Sienne
35%
Bologne
32%
Bari
29%
Ravenne
17%
Assise
13%
Aucun quiz correspondant
Distribution des résultats
% des personnes avec chaque résultat
Percentile par nombre de réponses
Votre historique - résultats
Vous n’avez pas pris ce quiz